01433cam a22003738i 450000100090000000300040000900500170001300800410003001000170007102000420008803500180013004000340014804200080018205000210019007000210021108200180023210000340025024500630028425000190034726400510036630000440041733600210046133700250048233800230050750400510053052001590058165000220074065000200076265000220078290600450080494200420084995201510089199900170104219046295OSt20231121112707.0160325s2016 nyu b 001 0 eng  a 2016012281 a9781107112940 (hardback : alk. paper) a(DNAL)1344710 aDNAL/DLCbengcDNALerdadDLC apcc00aSB107b.K64 20160 aSB107b.K64 201600a581.63bKOC/E1 aKochhar, S. L.eauthor.9990110aEconomic botany :ba comprehensive study /cS. L. Kochhar. aFifth edition. 1aNew York :bCambridge University Press,c2016. axx, 664 pages :billustrations ;c25 cm atext2rdacontent aunmediated2rdamedia avolume2rdacarrier aIncludes bibliographical references and index. a"Provides vivid information about the history of plant exploration, migration, domestication, distribution and crop improvement"--cProvided by publisher. 0aBotany, Economic. 0aPlants, Useful. 0aCrop improvement. a7bcbccorignewd1eecipf20gy-gencatlg 2ddccBKh581.63iKOC/Ek581.63mKOC/E 00102ddc40708BOTANYaMESbMEScBOTANYd2023-11-21l1m2o581.63 KOC/Ep43589r2024-09-30 16:33:25s2024-08-23v1125.00w2023-11-21yBKzGL18R6 c43685d43685